| 000 | 00695nam a2200205Ia 4500 | ||
|---|---|---|---|
| 003 | GCL | ||
| 008 | 140319s9999 xx 000 0 ara d | ||
| 040 |
_aGCL / _cGCL |
||
| 082 | 0 | 4 |
_a327.44056 _bه ف |
| 100 | 1 | _aالهام محمد على ذهنى | |
| 245 | 1 | 0 |
_aفرنسا والخليج: من منتصف القرن الثامن عشر حتى القرن العشرين / _cالهام محمد على ذهنى |
| 260 |
_a[S.N] : _bدار الزهراء للنشر والتوزيع ، _c1993 |
||
| 300 | _a277 ص | ||
| 490 | _a | ||
| 650 | 0 | 4 | _aفرنسا |
| 650 | 0 | 4 | _aالشرق الاوسط |
| 650 | 0 | 4 | _aتاريخ حديث |
| 650 | 0 | 4 | _aالخليج العربى |
| 942 |
_2ddc _cBK |
||
| 999 |
_c55348 _d55348 |
||